| 000 | 02737nam a2200217Ia 4500 | ||
|---|---|---|---|
| 999 |
_c22108 _d22108 |
||
| 003 | OSt | ||
| 005 | 20201205134650.0 | ||
| 008 | 160316s2002 xxu||||| |||| 00| 0 eng d | ||
| 020 | _a9041117423 | ||
| 040 | _cNLS | ||
| 082 |
_a344.041000 _bMAZ |
||
| 100 | _aMazzoni Cosma Marco | ||
| 245 | _aEthics and Law in Biological Research | ||
| 260 |
_aThe Hague _bKluwer Law International _c2002 |
||
| 300 |
_a259p _cix |
||
| 365 | _bRs.4,922 | ||
| 505 | _aTable of Contents: Forward I. THE LIMITS OF SCIENCE AND BIOLOGICAL INVESTIGATION Ethics and law in Biological Research Cosimo Marco Mazzoni…3 Human Genome Technology from the Viewpoint of Efficiency and Justice Peter Koller...9 The Human Genome Project and the Genetics Responsibility Alberto Piazza...21 Human Dignity as a Regulative Instrument for human Genome Research Jurgen Simon ...35 Bioethical Anxieties Concerning the Limits of Biological Research Mauro Barni...47 The Perception of Possible Knowledge and Changes in Common Morality Cario Flamigni...57 Information and Decision Eligio Resta..67 Biomedical Law: The Aims and Limits of Regulating Biomedical Science and Technology Amos Shapira ..75 The Epistermic State – The legal Regulation of Science Mariachiara Tallacchini..79 Forward II. CLONING : BIOLOGICAL AND MORAL ASPECTS Some Fundamental Evils in Generating Human Embryos by Cloning John Finns...99 Thinking about Huxley’s Brave New World: Was it Wrong to Create a Genetic Hierarchical Society? Is it wrong to Prevent One? Bernard Gert..107 From Random Procreation to Standardized Reproduction Jacques Testart...115 he Problem of Reproductive Cloning Francesco D Busnelli...125 The Point of View of a Medical Geneticist on Human Cloning Bruno Dallapiccola...135 The Mystery of the Scantiness of Arguments Against Cloning Luigi Lombardi Vallauri...141 Making the Right Use of Law: The Cloning Dilemma Stefano Rodota…153 The Right to genetic Disobedience: The Iceland Case Amedeo Santosuosso –163 meidcine as Science and Art: Anxieties at the Dawn of the Third Millenium Paolo T. Scarpelli…173 Clones and Golems Carmel Shalev..187 Forward III. CLONNING IN P[OPULAR IMAGINATION Doppelganger Temptations Adriana Cavarero..195 After Dolly: New Forms of Genetics Capital Sarah Franklin..203 Clones and Balanced Ethics Jophn Harris..207 The Future of Clones Mario Jori..213 Cloning: Taboo Subject for Public Debate in France Dominique Mehi...227 Nude Pigs and Headless Clones James Reston Jr…233 Dolly and déjà vu: Facts and Frictions about Human Cloning Jon Turney…241 Index…253 | ||
| 650 | _a1. Cloning - Moral & Ethical Aspects2. Bioethics3. Medical Ethics | ||
| 700 |
_a _a |
||
| 942 |
_2ddc _cBK |
||